000 00691nam a2200289Ia 4500
005 20260324143919.0
008 008 260324s9999 xx 000 0 eng d
020 _a9781315862583
037 _aEBOOK
040 _aCRL
040 _beng
040 _cCRL
041 _2eng
041 _aeng
084 _qCRL
100 _aHoward Johnson
_91217392
245 0 _aAfter the Crossing
245 0 _bImmigrants and Minorities in Caribbean Creole Society
260 _bTaylor and Francis
260 _c1990
365 _a
365 _b240
856 _uhttp://www.taylorfrancis.com/books/9781315862583
942 _cEBOOK
999 _c1823354
_d1823354